|
|
|
|
| LEADER |
00000cas a2200000 c 4500 |
| 001 |
1883778085 |
| 003 |
DE-627 |
| 005 |
20250328154312.0 |
| 007 |
cr ||||||||||| |
| 008 |
240319c20189999xxkz| p|o 0 |0eng c |
| 016 |
7 |
|
|a 1323869743
|2 DE-101
|
| 016 |
7 |
|
|a 3182408-0
|2 DE-600
|
| 035 |
|
|
|a (DE-627)1883778085
|
| 035 |
|
|
|a (DE-599)ZDB3182408-0
|
| 035 |
|
|
|a (OCoLC)1509378387
|
| 040 |
|
|
|a DE-627
|b ger
|c DE-627
|e rda
|
| 041 |
|
|
|a eng
|
| 044 |
|
|
|c XA-GB
|
| 082 |
0 |
4 |
|a 340
|a 360
|q DE-600
|
| 084 |
|
|
|a 2,1
|2 ssgn
|
| 245 |
0 |
0 |
|a Addiction & criminology
|
| 264 |
3 |
1 |
|a London
|b Allied Academies
|c [2018]-
|
| 300 |
|
|
|a Online-Ressource
|
| 336 |
|
|
|a Text
|b txt
|2 rdacontent
|
| 337 |
|
|
|a Computermedien
|b c
|2 rdamedia
|
| 338 |
|
|
|a Online-Ressource
|b cr
|2 rdacarrier
|
| 362 |
0 |
|
|a Volume 1, issue 1 (2018)-
|
| 363 |
0 |
1 |
|a 1
|b 1
|i 2018
|
| 500 |
|
|
|a Gesehen am 19.03.2024
|
| 655 |
|
7 |
|a Zeitschrift
|0 (DE-588)4067488-5
|0 (DE-627)10454466X
|0 (DE-576)20917000X
|2 gnd-content
|
| 856 |
4 |
0 |
|u https://www.alliedacademies.org/addiction-criminology/volume-selector.php
|x Verlag
|z kostenfrei
|7 0
|
| 951 |
|
|
|a JT
|
| ELC |
|
|
|a 1
|
| LOK |
|
|
|0 000 xxxxxcx a22 zn 4500
|
| LOK |
|
|
|0 001 472686243X
|
| LOK |
|
|
|0 003 DE-627
|
| LOK |
|
|
|0 004 1883778085
|
| LOK |
|
|
|0 005 20250522075654
|
| LOK |
|
|
|0 008 250522||||||||||||||||ger|||||||
|
| LOK |
|
|
|0 040
|a DE-21-110
|c DE-627
|d DE-21-110
|
| LOK |
|
|
|0 092
|o n
|
| LOK |
|
|
|0 852
|a DE-21-110
|
| LOK |
|
|
|0 852 1
|9 00
|
| LOK |
|
|
|0 939
|a 2025-05-22
|b l01
|
| OAS |
|
|
|a 1
|
| ORI |
|
|
|a WA-MARC-krimdokb001.raw
|
| SPR |
|
|
|a 1
|t KRI
|